[Event "Druzynowe Mistrzostwa Polski Juniorow - Ekstraliga"]
[Site "Osrodek Wczasowo - Szkoleniowy "Relax" ul. Stroma 20, 43-450 Ustron"]
[Date "2011-06-27"]
[Round "4.1"]
[White "Swiercz, Dariusz"]
[Black "Matuszewski, Michal"]
[Result "1-0"]
[WhiteTitle "GM"]
[BlackTitle "m"]
[WhiteElo "2553"]
[BlackElo "2319"]

1. d4 Nf6 2. c4 g6 3. Nc3 d5 4. cxd5 Nxd5 5. e4 Nxc3 6. bxc3 Bg7 7. Bc4 c5 8. Ne2
Nc6 9. Be3 O-O 10. O-O Na5 11. Bd3 b6 12. Qd2 Be6 13. d5 Bg4 14. Rac1 c4 15. Bb1
Qd6 16. Nd4 Rac8 17. f4 Bd7 18. Rcd1 Nb7 19. Nf3 b5 20. e5 Qa3 21. Bd4 Nc5 22.
Ng5 Bg4 23. Rde1 Nd3 24. Re3 h6 25. Ne4 Bf5 26. Ng3 Bg4 27. f5 Bxf5 28. Nxf5 gxf5
29. Bxd3 cxd3 30. Rg3 Kh7 31. Rxf5 b4 32. Rh5 Rh8 33. Rxh6+ Bxh6 34. Qxd3+ 1-0

[Event "Druzynowe Mistrzostwa Polski Juniorow - Ekstraliga"]
[Site "Osrodek Wczasowo - Szkoleniowy "Relax" ul. Stroma 20, 43-450 Ustron"]
[Date "2011-06-27"]
[Round "4.2"]
[White "Matuszczyk, Przemyslaw"]
[Black "Wieczorek, Oskar"]
[Result "0-0"]
[WhiteTitle "I++"]
[BlackTitle "m"]
[WhiteElo "2032"]
[BlackElo "2383"]

1. e4 c5 2. b3 e6 3. Bb2 a6 4. d3 Nc6 5. f4 d5 6. Nd2 d4 7. Ngf3 Nf6 8. Be2 Ng4
9. Nf1 c4 10. c3 dxc3 11. Bxc3 cxd3 12. Qxd3 Qb6 13. Nd4 e5 14. Bxg4 exd4 15.
Bxc8 Rxc8 16. Bd2 Nb4 17. Qh3 Qc6 18. Kf2 Bc5 19. Qf3 O-O 20. h3 Nc2 21. Rc1 d3+
22. Kg3 Rfd8 23. e5 Qg6+ 24. Kh2 Nd4 25. Qxb7 Ne2 26. Rd1 Bd4 27. Qf3 Rc2 28.
Ne3 Rxa2 29. Nc4 Qf5 0-1

[Event "Druzynowe Mistrzostwa Polski Juniorow - Ekstraliga"]
[Site "Osrodek Wczasowo - Szkoleniowy "Relax" ul. Stroma 20, 43-450 Ustron"]
[Date "2011-06-27"]
[Round "4.3"]
[White "Khamidov, Komil"]
[Black "Cieslak, Patrycjusz"]
[Result "1-0"]
[WhiteTitle "I"]
[BlackTitle "II"]
[WhiteElo "2040"]
[BlackElo "1734"]

1. e4 d5 2. exd5 Nf6 3. Bb5+ Nbd7 4. Nc3 a6 5. Be2 Nb6 6. Nf3 Bg4 7. h3 Bh5 8.
d4 Nbxd5 9. Nxd5 Qxd5 10. c4 Qd6 11. Be3 O-O-O 12. O-O Bxf3 13. Bxf3 Qb4 14. Qc2
h6 15. a3 Qd6 16. c5 Qd7 17. c6 Qd6 18. Rfc1 Kb8 19. Qb3 b6 20. Qa4 Ka7 21. Be2
a5 22. Qb5 1-0

[Event "Druzynowe Mistrzostwa Polski Juniorow - Ekstraliga"]
[Site "Osrodek Wczasowo - Szkoleniowy "Relax" ul. Stroma 20, 43-450 Ustron"]
[Date "2011-06-27"]
[Round "4.4"]
[White "Koziol, Kamil"]
[Black "Kulas, Szymon"]
[Result "1/2-1/2"]
[WhiteTitle "II"]
[BlackTitle "I"]
[WhiteElo "1768"]
[BlackElo "1945"]

1. d4 Nf6 2. c4 g6 3. Nc3 Bg7 4. e4 d6 5. f4 O-O 6. Nf3 c5 7. dxc5 dxc5 8. Qxd8
Rxd8 9. e5 Ne8 10. Be3 b6 11. Be2 Bb7 12. Kf2 Nc6 13. Rad1 Nc7 14. Rxd8+ Rxd8
15. Rd1 Rxd1 16. Bxd1 f6 17. exf6 Bxf6 18. Bc2 Ba6 19. Nd2 Nd4 20. Be4 Nf5 21.
g4 Nxe3 22. Kxe3 Kg7 23. Kd3 Ne6 24. Nd5 Bxb2 25. f5 Ng5 26. Nxe7 Bc1 27. Bd5
Nf7 28. Nc6 Nh6 29. fxg6 Nxg4 30. gxh7 Nxh2 31. Kc2 Bxd2 32. Kxd2 Kxh7 33. Nxa7
Ng4 34. Nb5 Ne5 35. Kc3 Bxb5 36. cxb5 Kg7 37. a4 Kf6 1/2-1/2

[Event "Druzynowe Mistrzostwa Polski Juniorow - Ekstraliga"]
[Site "Osrodek Wczasowo - Szkoleniowy "Relax" ul. Stroma 20, 43-450 Ustron"]
[Date "2011-06-27"]
[Round "4.5"]
[White "Iwanow, Anna"]
[Black "Krupa, Anna"]
[Result "1-0"]
[WhiteTitle "WFM"]
[BlackTitle "I++"]
[WhiteElo "2162"]
[BlackElo "1899"]

1. e4 c6 2. d4 d5 3. Nc3 dxe4 4. Nxe4 Nf6 5. Nxf6+ exf6 6. Be3 Bd6 7. Bd3 O-O 8.
Ne2 Qc7 9. Ng3 g6 10. Ne4 Be7 11. Qf3 Bf5 12. g4 Bxe4 13. Bxe4 Re8 14. O-O-O Nd7
15. h4 Rab8 16. h5 Nf8 17. Kb1 Bd6 18. Bd3 Qe7 19. Rhe1 Ne6 20. c4 Qd8 21. c5
Bc7 22. Bc4 Ba5 23. Rh1 b5 24. Bb3 Rc8 25. hxg6 fxg6 26. Rxh7 1-0

[Event "Druzynowe Mistrzostwa Polski Juniorow - Ekstraliga"]
[Site "Osrodek Wczasowo - Szkoleniowy "Relax" ul. Stroma 20, 43-450 Ustron"]
[Date "2011-06-27"]
[Round "4.6"]
[White "Konopacka, Martyna"]
[Black "Dadello, Aleksandra"]
[Result "1-0"]
[WhiteTitle "II+"]
[BlackTitle "I+"]
[WhiteElo "1646"]
[BlackElo "1802"]

1. e4 e6 2. d4 d5 3. exd5 exd5 4. Nf3 Bd6 5. Bd3 Bg4 6. O-O Nc6 7. c3 Nge7 8. Re1
Qd7 9. Nbd2 f6 10. b4 O-O 11. Qc2 Bf5 12. Nf1 Bxd3 13. Qxd3 a5 14. b5 Nd8 15.
Ne3 Nf7 16. Nh4 Nh6 17. h3 f5 18. Nf3 f4 19. Ng5 g6 20. Nf1 Rf6 21. Nh2 Raf8 22.
Nhf3 Qf5 23. Qe2 Nf7 24. Nxf7 R8xf7 25. c4 dxc4 26. Qxc4 g5 27. Ne5 Bxe5 28. Rxe5
Qd7 29. Rxg5+ Ng6 30. Bb2 f3 31. d5 Rf5 32. Rxf5 Qxf5 33. Re1 h6 34. Re8+ Kh7
35. Qd4 Nf8 36. Rxf8 1-0

[Event "Druzynowe Mistrzostwa Polski Juniorow - Ekstraliga"]
[Site "Osrodek Wczasowo - Szkoleniowy "Relax" ul. Stroma 20, 43-450 Ustron"]
[Date "2011-06-27"]
[Round "4.7"]
[White "Lapaj, Mateusz"]
[Black "Klepaczka, Tomasz"]
[Result "0-1"]
[WhiteTitle "I+"]
[BlackTitle "I++"]
[WhiteElo "2021"]
[BlackElo "2119"]

1. e4 e5 2. Nf3 Nf6 3. Nxe5 d6 4. Nf3 Nxe4 5. d4 d5 6. Bd3 Bd6 7. O-O O-O 8. c4
c6 9. h3 Nd7 10. cxd5 cxd5 11. Nc3 Nxc3 12. bxc3 h6 13. Qb3 Nf6 14. Re1 Qc7 15.
Bd2 Be6 16. Qd1 Nd7 17. Qc1 Rfe8 18. Bxh6 gxh6 19. Qxh6 Bf4 20. Qh7+ Kf8 21. Rxe6
fxe6 22. Nh4 Ne5 23. Qxc7 Nf3+ 24. Nxf3 Bxc7 25. Re1 Ba5 26. Bb5 Re7 27. Re3 a6
28. Ba4 Rc8 29. Ne5 Rg7 30. Nd7+ Ke7 31. Nc5 Rg6 32. Bd7 Rxc5 33. dxc5 Kxd7 34.
g4 Bc7 35. Kg2 Bf4 36. Rd3 Kc6 37. Kf3 e5 38. Rd1 Rh6 39. Rh1 Rh4 0-1

[Event "Druzynowe Mistrzostwa Polski Juniorow - Ekstraliga"]
[Site "Osrodek Wczasowo - Szkoleniowy "Relax" ul. Stroma 20, 43-450 Ustron"]
[Date "2011-06-27"]
[Round "4.8"]
[White "Budzinski, Jan"]
[Black "Szolc, Grzegorz"]
[Result "0-1"]
[WhiteTitle "I"]
[BlackTitle "II"]
[WhiteElo "1960"]
[BlackElo "1733"]

1. e4 g6 2. d4 Bg7 3. Nc3 c6 4. Be3 d5 5. f3 dxe4 6. Nxe4 Nf6 7. Nxf6+ Bxf6 8.
c3 O-O 9. f4 Nd7 10. Nf3 Nb6 11. Qd2 Nd5 12. Bf2 Qc7 13. g3 Be6 14. Bg2 Rad8 15.
O-O Nb6 16. Rfd1 Nc4 17. Qe2 Nd6 18. b3 a5 19. Rac1 a4 20. c4 axb3 21. axb3 Bg4
22. h3 Bxf3 23. Bxf3 Nf5 24. d5 c5 25. Bg2 Rfe8 26. b4 b6 27. bxc5 bxc5 28. Rb1
e5 29. dxe6 Rxe6 30. Rxd8+ Qxd8 31. Qa2 Bd4 32. Bd5 Re7 33. g4 Ng3 34. Bxd4 Ne2+
35. Kf1 Nxd4 36. f5 gxf5 37. Qh2 Qc7 38. Qxc7 Rxc7 39. gxf5 Nxf5 40. Kf2 Kg7 41.
Kf3 Nd4+ 42. Kf4 Kf6 43. Rb6+ Ne6+ 44. Ke4 Ke7 45. Kf5 Nd4+ 46. Kg5 Ne6+ 47. Kh6
Nf4 48. Be4 Nxh3 49. Bxh7 Nf4 50. Kg5 Ne6+ 51. Kf5 Nf8 52. Bg8 Nd7 53. Rh6 Rc8
54. Bh7 Rh8 55. Kg5 Nf8 56. Be4 Ne6+ 57. Kh5 Ng7+ 58. Kg5 Rxh6 59. Kxh6 f5 60.
Bd5 Kf6 61. Bf3 Ne8 62. Kh5 Nd6 63. Be2 Ke5 64. Kh4 Ne4 65. Bh5 Kf4 66. Kh3 Ke3
67. Kg2 f4 68. Bf3 Nd2 0-1

[Event "Druzynowe Mistrzostwa Polski Juniorow - Ekstraliga"]
[Site "Osrodek Wczasowo - Szkoleniowy "Relax" ul. Stroma 20, 43-450 Ustron"]
[Date "2011-06-27"]
[Round "4.9"]
[White "Rosicki, Marcin"]
[Black "Osinski, Emil"]
[Result "1/2-1/2"]
[WhiteTitle "II"]
[BlackTitle "II"]
[WhiteElo "1603"]
[BlackElo "1685"]

1. e4 c5 2. Nf3 a6 3. d4 cxd4 4. Nxd4 Nf6 5. Nc3 e5 6. Nf3 Bb4 7. Bg5 Qc7 8. Bd2
d6 9. Bd3 O-O 10. O-O b5 11. Nxb5 axb5 12. Bxb4 Na6 13. c3 Nxb4 14. cxb4 Qb7 15.
Bc2 Ra6 16. Qd3 Be6 17. Nd2 Rc8 18. Rac1 Bc4 19. Nxc4 bxc4 20. Qd2 Nxe4 21. Bxe4
Qxe4 22. b3 d5 23. Rfe1 Qf5 24. bxc4 dxc4 25. Rxc4 Rca8 26. Rec1 h6 27. R1c2 Rxa2
28. Rxa2 Qb1+ 29. Rc1 Qxa2 30. Qxa2 Rxa2 31. Rb1 Kf8 32. b5 Ra7 33. Kf1 Ke7 34.
Ke2 Kd6 35. Ke3 f5 36. Kd3 Kc5 37. f3 Ra3+ 38. Kd2 Ra2+ 39. Kc3 Kb6 40. Re1 Rxg2
41. Rxe5 f4 42. Rf5 Rxh2 43. Rxf4 Kxb5 44. Rf5+ Kc6 45. Kd4 Kd6 46. Rf7 Rg2 47.
Ke4 Ke6 48. Rf8 Ra2 49. Kf4 Ra4+ 50. Kg3 Ke7 51. Rf5 g6 52. Rb5 Ra6 53. Kg4 Kf6
54. Kg3 g5 55. f4 Ra3+ 56. Kg4 Ra4 57. Rb6+ Kg7 58. Rb7+ Kf8 59. Rb8+ Ke7 60.
Rb7+ Ke8 61. Rb8+ Kd7 62. Rb7+ Kc6 63. Rf7 Kd5 64. Rf6 Rxf4+ 65. Rxf4 gxf4 66.
Kxf4 1/2-1/2

[Event "Druzynowe Mistrzostwa Polski Juniorow - Ekstraliga"]
[Site "Osrodek Wczasowo - Szkoleniowy "Relax" ul. Stroma 20, 43-450 Ustron"]
[Date "2011-06-27"]
[Round "4.11"]
[White "Rudol, Maria"]
[Black "Tarnowska, Aleksandra"]
[Result "1/2-1/2"]
[WhiteTitle "II"]
[BlackTitle "I"]
[WhiteElo "1462"]
[BlackElo "1814"]

1. c4 e5 2. Nc3 d6 3. g3 Nc6 4. Bg2 f5 5. e3 Nf6 6. Nge2 g6 7. O-O Bg7 8. b3 O-O
9. Bb2 e4 10. d3 exd3 11. Qxd3 Ne5 12. Qc2 Rb8 13. Nf4 g5 14. Nd3 Ng6 15. Nd5
Be6 16. Nxf6+ Bxf6 17. Bxf6 Qxf6 18. Qe2 Ne5 19. Nxe5 dxe5 20. Rad1 Kh8 21. f4
gxf4 22. exf4 e4 23. Qe3 b6 24. Qd4 h5 25. Qxf6+ Rxf6 26. Rf2 a5 27. Rc2 Rff8
28. Kf2 Rfd8 29. Rxd8+ Rxd8 30. Bf1 Kg7 31. Be2 c6 32. Ke3 Bf7 33. a4 h4 34. g4
Be6 35. g5 Kf7 36. Rd2 Rc8 37. Bh5+ Ke7 38. Bd1 Rb8 39. Kd4 Rd8+ 40. Ke3 Rb8 41.
Kd4 Kd6 42. Bc2 Bf7 43. Bd1 Re8 44. Ke3+ Ke6 45. Rg2 Bg6 46. Rd2 Rb8 47. Rc2 Rd8
48. Rd2 Re8 49. Be2 Rb8 50. Rc2 Kd6 51. Kd4 Bf7 52. Rc3 Ke6 53. Rh3 Rd8+ 54. Kc3
Rh8 55. Kd4 Rd8+ 56. Kc3 Rh8 57. Kd4 c5+ 58. Kc3 Ke7 1/2-1/2

[Event "Druzynowe Mistrzostwa Polski Juniorow - Ekstraliga"]
[Site "Osrodek Wczasowo - Szkoleniowy "Relax" ul. Stroma 20, 43-450 Ustron"]
[Date "2011-06-27"]
[Round "4.12"]
[White "Szymczak, Paula"]
[Black "Rudol, Matylda"]
[Result "1-0"]
[WhiteTitle "I"]
[BlackTitle "II"]
[WhiteElo "1705"]
[BlackElo "1466"]

1. d4 d5 2. c4 e6 3. Nc3 Nf6 4. cxd5 exd5 5. Bg5 Bb4 6. e3 O-O 7. Bd3 h6 8. Bh4
Qd6 9. Qc2 Re8 10. a3 Bxc3+ 11. bxc3 Ne4 12. Ne2 f5 13. O-O Qc6 14. Rab1 Be6 15.
Bb5 Qd6 16. Bxe8 1-0

[Event "Druzynowe Mistrzostwa Polski Juniorow - Ekstraliga"]
[Site "Osrodek Wczasowo - Szkoleniowy "Relax" ul. Stroma 20, 43-450 Ustron"]
[Date "2011-06-27"]
[Round "4.13"]
[White "Sadzikowski, Daniel"]
[Black "Dowgird, Filip"]
[Result "1-0"]
[WhiteTitle "FM"]
[BlackTitle "k"]
[WhiteElo "2374"]
[BlackElo "2110"]

1. d4 d5 2. Nf3 Nf6 3. c4 dxc4 4. e3 c5 5. Bxc4 e6 6. O-O a6 7. a4 Nc6 8. Nc3 Be7
9. Qe2 cxd4 10. Rd1 O-O 11. exd4 Nb4 12. Bg5 Nfd5 13. Nxd5 Nxd5 14. Bxd5 Bxg5
15. Be4 Bf6 16. Ne5 Qb6 17. Ra3 Rd8 18. Bxh7+ Kf8 19. Rad3 Bd7 20. b3 Bc6 21.
Be4 Bd5 22. Ng4 Rac8 23. Nxf6 gxf6 24. h4 Bxe4 25. Qxe4 Rd5 26. Qf4 Ke7 27. g3
Rc2 28. Rf3 e5 29. Qe4 Qc6 30. Rfd3 Rc1 31. Rxc1 Qxc1+ 32. Kh2 Ke6 33. dxe5 Rxe5
34. Qxb7 Kf5 35. Qxf7 Re1 36. Rd5+ Ke4 37. Qe6+ Kf3 38. Rf5+ 1-0

[Event "Druzynowe Mistrzostwa Polski Juniorow - Ekstraliga"]
[Site "Osrodek Wczasowo - Szkoleniowy "Relax" ul. Stroma 20, 43-450 Ustron"]
[Date "2011-06-27"]
[Round "4.14"]
[White "Mondrzycki, Bartlomiej"]
[Black "Lewicki, Miroslaw"]
[Result "1-0"]
[WhiteTitle "I"]
[BlackTitle "CM"]
[WhiteElo "2048"]
[BlackElo "2196"]

1. d4 Nf6 2. Nf3 e6 3. Bf4 b6 4. h3 Bb7 5. e3 Ne4 6. Nbd2 Nxd2 7. Qxd2 d6 8. Be2
Nd7 9. c3 Be7 10. Qc2 f5 11. Bc4 d5 12. Be2 Bf6 13. g4 g6 14. g5 Bg7 15. h4 h5
16. gxh6 Bxh6 17. Be5 Rg8 18. O-O-O c6 19. Rdg1 b5 20. Bf4 Bxf4 21. exf4 Qc7 22.
Ne5 Nxe5 23. fxe5 O-O-O 24. Qd2 c5 25. Kb1 Qb6 26. b4 cxd4 27. cxd4 Kb8 28. Rc1
Rc8 29. Rc5 Rxc5 30. bxc5 Qc6 31. Qa5 a6 32. a4 Qc7 33. Qxc7+ Kxc7 34. axb5 axb5
35. Bxb5 Bc6 36. Bxc6 Kxc6 37. Kb2 Ra8 38. Ra1 Rh8 39. Ra6+ Kd7 40. Ra7+ Kc6 41.
Re7 Rxh4 42. Rxe6+ Kc7 43. Kc3 Rh3+ 44. Kd2 Rh4 45. Ke3 Rh3+ 46. Kf4 Rh4+ 47.
Kg5 Rg4+ 48. Kf6 Rxd4 49. Rd6 Rc4 50. Rxd5 Kc6 51. Rd2 Kxc5 52. e6 Re4 53. e7
g5 54. Kf7 1-0

[Event "Druzynowe Mistrzostwa Polski Juniorow - Ekstraliga"]
[Site "Osrodek Wczasowo - Szkoleniowy "Relax" ul. Stroma 20, 43-450 Ustron"]
[Date "2011-06-27"]
[Round "4.15"]
[White "Ulanowski, Karol"]
[Black "Piotrowski, Przemyslaw"]
[Result "0-1"]
[WhiteTitle "I"]
[BlackTitle "II+"]
[WhiteElo "1949"]
[BlackElo "1953"]

1. e4 c5 2. Nf3 d6 3. d4 cxd4 4. Nxd4 Nf6 5. Nc3 a6 6. Bg5 e6 7. Qf3 Nbd7 8. O-O-O
Be7 9. Be2 Qc7 10. Qg3 b6 11. f4 Bb7 12. Bf3 Nc5 13. Rhe1 h6 14. Bxf6 gxf6 15.
Bh5 Kf8 16. b4 Rg8 17. Qh3 e5 18. fxe5 dxe5 19. Nf5 Ne6 20. Qe3 Nf4 21. Nd5 Bxd5
22. exd5 Rc8 23. Qb3 Rxg2 24. Ne3 Rxh2 25. Bxf7 Ne2+ 26. Kb1 Nc3+ 27. Kb2 Nxd1+
28. Rxd1 Rh3 29. Bg6 e4 30. d6 Bxd6 31. Rxd6 Kg7 32. Bf5 Qxd6 33. Bxh3 Qe5+ 34.
Kb1 Rc3 35. Nf5+ Kf8 0-1

[Event "Druzynowe Mistrzostwa Polski Juniorow - Ekstraliga"]
[Site "Osrodek Wczasowo - Szkoleniowy "Relax" ul. Stroma 20, 43-450 Ustron"]
[Date "2011-06-27"]
[Round "4.16"]
[White "Gajdamowicz, Patrick"]
[Black "Drop, Szymon"]
[Result "1-0"]
[WhiteTitle "I"]
[BlackTitle "II"]
[WhiteElo "1869"]
[BlackElo "1612"]

1. e4 e5 2. Nf3 Nc6 3. Bb5 Bc5 4. c3 Nf6 5. d4 Bb6 6. O-O O-O 7. Bg5 d6 8. Qd3
Qe7 9. Nbd2 Bg4 10. Rfe1 Nb8 11. h3 Bd7 12. Bxd7 Nbxd7 13. Nh4 h6 14. Nf5 Qe8
15. Bxh6 Kh7 16. Bxg7 Rg8 17. Qe3 1-0

[Event "Druzynowe Mistrzostwa Polski Juniorow - Ekstraliga"]
[Site "Osrodek Wczasowo - Szkoleniowy "Relax" ul. Stroma 20, 43-450 Ustron"]
[Date "2011-06-27"]
[Round "4.17"]
[White "Chrzaszcz, Malvina"]
[Black "Chenska, Karolina"]
[Result "1-0"]
[WhiteTitle "k"]
[BlackTitle "I"]
[WhiteElo "2046"]
[BlackElo "1662"]

1. e4 c5 2. Nf3 e6 3. d4 cxd4 4. Nxd4 Nf6 5. Nc3 d6 6. Be2 Be7 7. O-O O-O 8. f4
Nc6 9. Be3 a6 10. Kh1 Nxd4 11. Bxd4 b5 12. Bf3 Bb7 13. e5 Bxf3 14. Rxf3 dxe5 15.
fxe5 Nd5 16. Ne4 f5 17. exf6 Nxf6 18. Qd3 Nxe4 19. Rxf8+ Bxf8 20. Qxe4 Qd5 21.
Qxd5 exd5 22. Re1 Rc8 23. c3 Rc7 24. Kg1 Re7 25. Rxe7 Bxe7 26. Kf2 Kf7 27. Ke3
g6 28. g4 Ke6 29. Bg7 Bh4 30. Kf4 Be1 31. Ke3 Bh4 32. Kd4 Bf2+ 33. Kd3 Bg1 34.
h3 Bf2 35. b3 Bg3 36. Bd4 Bd6 37. Ke3 Ba3 38. Bg7 Bb2 39. Kd2 b4 40. Kc2 Ba1 41.
Bd4 h5 42. Kd3 hxg4 43. hxg4 a5 44. c4 dxc4+ 45. Kxc4 Bxd4 46. Kxd4 Kd6 47. Kc4
Ke5 48. Kb5 Kf4 49. Kxa5 Kxg4 50. Kxb4 Kf4 51. Kc4 g5 52. b4 g4 53. b5 g3 54.
b6 g2 55. b7 g1=Q 56. b8=Q+ Ke4 57. Qe8+ Kf4 58. Qf7+ Ke5 59. Qe7+ Kf5 60. Qc5+
Qxc5+ 1-0

[Event "Druzynowe Mistrzostwa Polski Juniorow - Ekstraliga"]
[Site "Osrodek Wczasowo - Szkoleniowy "Relax" ul. Stroma 20, 43-450 Ustron"]
[Date "2011-06-27"]
[Round "4.18"]
[White "Lachowicz, Judyta"]
[Black "Kasperek, Kinga"]
[Result "1-0"]
[WhiteTitle "I"]
[BlackTitle "II+"]
[WhiteElo "1695"]
[BlackElo "1493"]

1. e4 c5 2. Nf3 Nc6 3. d4 cxd4 4. Nxd4 g6 5. Nc3 Bg7 6. Be3 Nf6 7. Bc4 O-O 8. Bb3
d6 9. f3 Bd7 10. Qd2 Rc8 11. O-O-O Ne5 12. Kb1 Nc4 13. Bxc4 Rxc4 14. g4 h5 15.
gxh5 Nxh5 16. f4 Qa5 17. Nb3 Qd8 18. f5 b5 19. fxg6 fxg6 20. Bh6 b4 21. Qd5+ Kh7
22. Bxg7 Nxg7 23. Qxc4 bxc3 24. Qxc3 Be6 25. Nd4 Bd7 26. Rhf1 Rh8 27. Rf7 Rg8
28. Qg3 e5 29. Rg1 g5 30. Nf5 Kg6 31. Rxd7 Qxd7 32. Qxg5+ Kf7 33. Qg6+ Kf8 34.
Qf6+ Ke8 35. Nxg7+ Rxg7 36. Rxg7 1-0

[Event "Druzynowe Mistrzostwa Polski Juniorow - Ekstraliga"]
[Site "Osrodek Wczasowo - Szkoleniowy "Relax" ul. Stroma 20, 43-450 Ustron"]
[Date "2011-06-27"]
[Round "4.19"]
[White "Dragun, Kamil"]
[Black "Popiol, Michal"]
[Result "1-0"]
[WhiteTitle "IM"]
[BlackTitle "II"]
[WhiteElo "2420"]
[BlackElo "1821"]

1. e4 g6 2. d4 Bg7 3. Nf3 c6 4. c4 d6 5. Nc3 Nf6 6. Be2 O-O 7. O-O e5 8. dxe5 dxe5
9. Qc2 Nbd7 10. Be3 Qe7 11. a3 Ng4 12. Bg5 f6 13. Bd2 f5 14. h3 Nh6 15. exf5 gxf5
16. Nh2 e4 17. f4 Bd4+ 18. Kh1 Nf6 19. Rad1 Be6 20. Qc1 Qf7 21. Be3 Bxe3 22. Qxe3
Bxc4 23. Bxc4 Qxc4 24. Qg3+ Kh8 25. Qg5 Nfg8 26. Rd7 Rf7 27. Rfd1 Qe6 28. R7d6
Qb3 29. R1d2 Qb6 30. Rxh6 Nxh6 31. Qxh6 Qe3 32. Nf1 Qc5 33. Qd6 Qxd6 34. Rxd6
Kg7 35. Ne3 Re8 36. Kg1 Ree7 37. Kf2 Rf6 38. Rd8 Kf7 39. Ne2 c5 40. Nd5 Rb6 41.
Nxb6 axb6 42. Ke3 b5 43. Rd5 1-0

[Event "Druzynowe Mistrzostwa Polski Juniorow - Ekstraliga"]
[Site "Osrodek Wczasowo - Szkoleniowy "Relax" ul. Stroma 20, 43-450 Ustron"]
[Date "2011-06-27"]
[Round "4.20"]
[White "Tomsia, Kamil"]
[Black "Siwiec, Arkadiusz"]
[Result "0-1"]
[WhiteTitle "I+"]
[BlackTitle "I++"]
[WhiteElo "2090"]
[BlackElo "2123"]

1. c4 c6 2. Nc3 d5 3. e3 Nf6 4. Nf3 Bf5 5. Qb3 Qb6 6. Qxb6 axb6 7. cxd5 Nxd5 8.
Nxd5 cxd5 9. Bb5+ Bd7 10. Bxd7+ Nxd7 11. Ke2 e5 12. d4 e4 13. Nh4 g6 14. Bd2 Be7
15. g3 Bxh4 16. gxh4 Ke7 17. a4 Rhc8 18. b3 Nf6 19. Rhg1 Rc2 20. Rgc1 Rxc1 21.
Rxc1 Kd7 22. h3 Rc8 23. Ra1 Ne8 24. a5 bxa5 25. Rxa5 Nc7 26. f3 exf3+ 27. Kxf3
Ra8 28. Rc5 b6 29. Rc2 Ra3 30. Rb2 Ra1 31. Bb4 Ne6 32. Kg2 Ng7 33. Kf2 h5 34.
Be1 Nf5 35. Ke2 Nxe3 36. Bg3 Nf5 37. Be5 Ne7 38. Rc2 Nc6 39. Bf6 Rh1 40. Rc3 Rh2+
41. Kd1 Rf2 42. Bg5 f6 43. Ke1 Rf5 44. Be3 Rf3 0-1

[Event "Druzynowe Mistrzostwa Polski Juniorow - Ekstraliga"]
[Site "Osrodek Wczasowo - Szkoleniowy "Relax" ul. Stroma 20, 43-450 Ustron"]
[Date "2011-06-27"]
[Round "4.21"]
[White "Koitka, Jakub"]
[Black "Snihur, Piotr"]
[Result "1/2-1/2"]
[WhiteTitle "I"]
[BlackTitle "I"]
[WhiteElo "1920"]
[BlackElo "1859"]

1. d4 c5 2. d5 d6 3. c4 e5 4. e4 Ne7 5. Nc3 Ng6 6. Be2 Be7 7. Bg4 Nd7 8. Nge2 Nb6
9. Bxc8 Rxc8 10. b3 a6 11. Bb2 O-O 12. O-O Bg5 13. Ng3 Nf4 14. Nce2 Nxe2+ 15.
Qxe2 g6 16. Bc3 Nd7 17. Rad1 Nf6 18. Qd3 Re8 19. Ne2 Bh6 20. Qf3 Bg7 21. Bd2 h6
22. Nc3 Qe7 23. Qe2 Rc7 24. Be3 Nd7 25. Qg4 Nf6 26. Qh4 Nd7 27. Qh3 h5 28. f3
Bf6 29. Rd3 Bg5 30. Bxg5 Qxg5 31. Qg3 Qxg3 32. hxg3 Nf6 33. Kf2 Rce7 34. Ke3 Kg7
35. Rd2 Rc8 36. Rb2 Rec7 37. Nb1 Nd7 38. Nd2 b6 39. a3 Kf8 40. Rc1 Ke7 1/2-1/2

[Event "Druzynowe Mistrzostwa Polski Juniorow - Ekstraliga"]
[Site "Osrodek Wczasowo - Szkoleniowy "Relax" ul. Stroma 20, 43-450 Ustron"]
[Date "2011-06-27"]
[Round "4.22"]
[White "Mirski, Michal"]
[Black "Delekta, Filip"]
[Result "1-0"]
[WhiteTitle "II+"]
[BlackTitle "II+"]
[WhiteElo "1787"]
[BlackElo "1848"]

1. e4 c5 2. Nf3 e6 3. d4 cxd4 4. Nxd4 Nc6 5. Nb5 d6 6. c4 Nf6 7. N1c3 Be7 8. Be2
O-O 9. O-O Ne8 10. Be3 a6 11. Na3 Bf6 12. Qd2 Bxc3 13. Qxc3 Nf6 14. f3 Qe7 15.
Rfd1 e5 16. Bb6 Be6 17. Qd2 Ne8 18. Rac1 Na7 19. b4 Nc8 20. Bf2 f5 21. exf5 Rxf5
22. Bd3 Rf7 23. c5 Qf6 24. Be4 Kh8 25. c6 b6 26. Nb1 Nc7 27. Nc3 a5 28. b5 a4
29. Be3 h6 30. Qd3 g5 31. Nd5 Bxd5 32. Bxd5 Rg7 33. g4 Nxd5 34. Qxd5 Rh7 35. Kg2
Rf7 36. Rf1 Kg7 37. Qd3 Kf8 38. Qe2 Ke8 39. Qf2 Qd8 40. Qc2 Kf8 41. h4 Qf6 42.
hxg5 hxg5 43. Qd2 Rg7 44. Rh1 Rf7 45. Rcf1 1-0

[Event "Druzynowe Mistrzostwa Polski Juniorow - Ekstraliga"]
[Site "Osrodek Wczasowo - Szkoleniowy "Relax" ul. Stroma 20, 43-450 Ustron"]
[Date "2011-06-27"]
[Round "4.23"]
[White "Wisniowska, Klaudia"]
[Black "Mucha, Magdalena"]
[Result "1-0"]
[WhiteTitle "k"]
[BlackTitle "WCM"]
[WhiteElo "2022"]
[BlackElo "1835"]

1. e4 c5 2. Nf3 Nf6 3. Nc3 Nc6 4. d4 d5 5. exd5 Nxd5 6. Nxd5 Qxd5 7. Be3 cxd4 8.
Nxd4 Nxd4 9. Qxd4 Qxd4 10. Bxd4 Bd7 11. a4 e6 12. Bb5 a6 13. Bxd7+ Kxd7 14. O-O-O
Kc6 15. Rd3 b5 16. Rhd1 Rd8 17. axb5+ axb5 18. Re3 Kb7 19. Rb3 Kc6 20. Rc3+ Kb7
21. Be5 Rxd1+ 22. Kxd1 f6 23. Rc7+ Kb6 24. Bg3 e5 25. Rf7 Rg8 26. Ke2 Kc6 27.
Kd3 Kd5 28. Rb7 Kc6 29. Rb8 Rh8 30. f3 g6 31. Bf2 Bg7 32. Rb6+ Kc7 33. Rxb5 Rd8+
34. Ke2 Rd7 35. Ra5 Kb8 36. Rb5+ Kc7 37. Be3 Bf8 38. c4 Kc8 39. Rb6 Be7 40. b4
Rc7 41. c5 Ra7 42. f4 e4 43. Bd4 f5 44. Be5 Bd8 45. Rb8+ Kd7 46. c6+ Ke7 47. Rb7+
1-0

[Event "Druzynowe Mistrzostwa Polski Juniorow - Ekstraliga"]
[Site "Osrodek Wczasowo - Szkoleniowy "Relax" ul. Stroma 20, 43-450 Ustron"]
[Date "2011-06-27"]
[Round "4.25"]
[White "Kanarek, Marcel"]
[Black "Strzemiecki, Zbigniew"]
[Result "1/2-1/2"]
[WhiteTitle "IM"]
[BlackTitle "FM"]
[WhiteElo "2435"]
[BlackElo "2422"]

1. e4 e6 2. d4 d5 3. Nc3 Nf6 4. Bg5 dxe4 5. Nxe4 Be7 6. Bxf6 gxf6 7. Nf3 f5 8.
Nc3 a6 9. g3 b5 10. Bg2 Bb7 11. O-O Qd6 12. Ne5 Bxg2 13. Kxg2 Nd7 14. Qf3 O-O
15. Nc6 Bf6 16. a3 Rac8 17. Rad1 Nb8 18. d5 Nxc6 19. dxc6 Qc5 20. Ne4 Qe5 21.
Nxf6+ Qxf6 22. c3 Rfd8 23. Rd7 Rxd7 24. cxd7 Rd8 25. Qc6 Qe5 26. Rd1 Qe4+ 27.
Qxe4 fxe4 28. Kh3 Kf8 29. Kg4 Ke7 30. Kg5 f5 31. g4 fxg4 32. Kh6 Kf6 33. b4 e5
34. Kxh7 Kf7 35. Kh6 Kf6 36. Kh7 Kf7 37. Rd5 Ke6 38. Rd2 Kf7 39. Kh6 Kf6 40. Kh7
Kf7 41. Rd1 Kf6 42. Rd2 1/2-1/2

[Event "Druzynowe Mistrzostwa Polski Juniorow - Ekstraliga"]
[Site "Osrodek Wczasowo - Szkoleniowy "Relax" ul. Stroma 20, 43-450 Ustron"]
[Date "2011-06-27"]
[Round "4.26"]
[White "Krzyzanowski, Marcin"]
[Black "Weichhold, Pawel"]
[Result "1-0"]
[WhiteTitle "m"]
[BlackTitle "k+"]
[WhiteElo "2370"]
[BlackElo "2285"]

1. e4 c5 2. Nf3 e6 3. c3 d5 4. exd5 Qxd5 5. d4 Nf6 6. Na3 Nc6 7. Nb5 Qd8 8. dxc5
Bxc5 9. Qxd8+ Kxd8 10. b4 Bb6 11. Nd6 Ke7 12. Nc4 Ne4 13. Nxb6 axb6 14. Bb2 f6
15. Bd3 Nd6 16. O-O e5 17. Rfe1 Be6 18. a4 Kf7 19. Nd2 Rhd8 20. Bf1 Ra7 21. Red1
Raa8 22. g3 e4 23. Be2 Ne5 24. f4 Ng4 25. Nf1 Nc4 26. f5 Rxd1 27. fxe6+ Ke7 28.
Rxd1 Nxb2 29. Rd2 1-0

[Event "Druzynowe Mistrzostwa Polski Juniorow - Ekstraliga"]
[Site "Osrodek Wczasowo - Szkoleniowy "Relax" ul. Stroma 20, 43-450 Ustron"]
[Date "2011-06-27"]
[Round "4.27"]
[White "Lebiedowicz, Borys"]
[Black "Jarmula, Lukasz"]
[Result "1/2-1/2"]
[WhiteTitle "II"]
[BlackTitle "I+"]
[WhiteElo "1682"]
[BlackElo "1871"]

1. e4 c5 2. Nf3 d6 3. d4 cxd4 4. Qxd4 Nc6 5. Bb5 Bd7 6. Bxc6 Bxc6 7. Nc3 Nf6 8.
Bg5 e6 9. Qd3 Qa5 10. Bxf6 gxf6 11. Nd4 Be7 12. O-O-O Qg5+ 13. Kb1 a6 14. h4 Qa5
15. f4 Bd7 16. f5 Qc5 17. Qh3 O-O-O 18. fxe6 fxe6 19. Nxe6 Qe5 20. Nd5 Bxe6 21.
Nxe7+ Kb8 22. Nf5 Qxe4 23. g4 Bxf5 24. gxf5 Rhe8 25. Rhf1 Re5 26. a3 Rc5 27. Qh2
Rxf5 28. Rxf5 Qxf5 29. Rxd6 Rxd6 30. Qxd6+ Ka7 1/2-1/2